00690nam a22001937a 450000500170000001000150001702000260003203500130005803700130007108200170008410000320010124500790013326000350021227000550024730000340030250000570033665000450039365000580043820160106090156.0 aENG-114391 a9788192174358c900.00 aEN-97923 bDBAD/PUB a361.43095441 aMulani Mahamadraphik Umrao  aSelf help groups and empowerment of women /cby Mulani Mahamadraphik Umrao aJaipurbManas Publishersc2012 a91, Bhagwati Nagar 2nd, KartarpurabJaipure302006 ax,286p :c23cm(Hb)bill.,maps a Includes bibliographical references (p. [281]-286). a Self-help groups zIndia zMaharashtra. a Women in economic development zIndiaz Maharashtra.